[Event "Lucky op 2nd"]
[Site "Hamburg"]
[Date "1999.10.20"]
[Round "7"]
[White "Scholvin, Bjoern"]
[Black "Diaz Suarez, Carlos"]
[Result "1/2-1/2"]
[WhiteElo "1760"]
[BlackElo "1712"]
[PlyCount "35"]
[EventDate "1999.10.??"]
[EventType "swiss"]
[EventRounds "9"]
[EventCountry "GER"]
[SourceTitle "EXT 2001"]
[Source "ChessBase"]
[SourceDate "2000.11.22"]
[SourceVersion "1"]
[SourceVersionDate "2000.11.22"]
[SourceQuality "1"]

1. e4 e5 2. Nf3 Nc6 3. Bb5 d6 4. d4 exd4 5. Nxd4 Bd7 6. 0-0 Nf6 7. Nc3 Be7 8. Bxc6 bxc6 9. Bf4 0-0 10. Re1 Rb8 11. Rb1 Re8 12. e5 dxe5 13. Bxe5 Nd5 14. Qd3 Bf6 15. Bxf6 Qxf6 16. Nxc6 Rxe1+ 17. Rxe1 Bxc6 18. Nxd5 1/2-1/2